Tilastot visalle Suosituimmat koirien nimet 2023

Klikkaa tästä pelataksesi tätä visaa!

Yleistilastot

  • Tätä visaa on pelattu 21 kertaa
  • Keskiarvotulos 5 / 21

Vastaustilastot

% Oikein
5.Luna
59%
12.Onni
47%
7.Hilma
41%
10.Elli
35%
8.Hertta
35%
1.Hilla
35%
9.Alma
29%
16.Topi
29%
4.Kerttu
24%
6.Martta
24%
13.Sisu
24%
3.Sulo
24%
20.Aava
18%
15.Pyry
18%
18.Halla
12%
21.Lila
12%
2.Manu
12%
11.Nova
12%
17.Paavo
12%
14.Selma
6%
19.Armi
0%

Tulosjakauma

Persentiili vastausten määrän mukaan

Jokaisen tuloksen saaneiden osuus

Tuloshistoriasi

Et ole pelannut tätä visaa